000 00787cam a22002653a 4500
001 27698
003 PGUSA
005 20140828083611.0
008 090104s2009||||xxu|||||s|||||000 | eng d
040 _aPGUSA
_beng
042 _adc
050 4 _aHB
100 1 _aRoscher, Wilhelm,
_d1817-1894
245 1 0 _aPrinciples of Political Economy
_h[electronic resource] /
_cWilhelm Roscher
260 _bProject Gutenberg,
_c2009
506 _aPublic domain in the USA.
516 _aElectronic text
653 _aEconomics
700 1 _aWolowski, L.
_q(Louis),
_d1810-1876
700 1 _aLalor, John J.
_q(John Joseph),
_d-1899
740 0 _aSystem der volkswirthschaft. English
830 0 _aProject Gutenberg
_v27698
856 4 0 _uhttp://www.gutenberg.org/ebooks/27698
942 _cEB
999 _c256953
_d256953